Представление документа в формате MARC21

Поле Инд. ПП Название Значение
Тип записи a
Библиографический уровень m
001 Контрольный номер 290d1090-e961-4cab-a6a5-fbf30765fb3e
005 Дата корректировки 20140226163919.9
008 Кодируемые данные 20001027s?a aznnnabbn zn aan
020 a ISBN 5-09-002781-1 (в пер.)
c Цена, тираж 1.60
040 a Служба первич. каталог. RU-RKP
a Служба первич. каталог. НБ ТвГУ
041 a Код языка текста rus
080 a Индекс УДК 373.1.02
084 a Индекс другой классификации/Индекс ББК Ч421
090 x Авторский знак С57
a Полочн. индекс Ч421
092 a 14.25
245 10 a Заглавие Содружество ученого и учителя
b Продолж. заглавия Кн. для учителя
c Ответственность Сост. М. В. Зверева, Н. К. Индик
260 0_ a Место издания Москва
b Издательство Просвещение
c Дата издания 1991
300 a Объем 270,[2] с.
c Размеры 21 см
500 a Примечание Содерж.: Беседы с учителями / Л. В. Занков. Работаем по системе Л. В. Занкова: Статьи.
650 a Основная рубрика Учебно-воспитательная работа в начальной школе
650 a Основная рубрика Занков, Леонид Владимирович
653 a Ключевые слова Общеобразовательная школа
653 a Ключевые слова Педагогика школы
700 1_ a Другие авторы Зверева Мария Васильевна
e Роль лиц сост.
700 1_ a Другие авторы Индик Н. К.
e Роль лиц сост.
852 t Порядковый номер экземпляра 3
p Инвентарный номер 631477
p Инвентарный номер 631478
p Инвентарный номер 631479
852 t Порядковый номер экземпляра 2
p Инвентарный номер 627030
p Инвентарный номер 641905
954 a Дата поступления на обработку 2001
999 a Подразделение 2 аб.
a Подразделение 2 кх.